000 00577nam a2200217Ia 4500
003 OSt
005 20260224115056.0
008 210210b1992 xxu||||| |||| 00| 0 eng d
040 _cAL
041 _aHindi
082 _a861/104
100 _aLAL (Bhagvandeen)
_dलाल (भगवानदीन)
_9256506
245 _aKeshav kaumudi I
_b केशव कौमुदी I
260 _aIlAhAbAd
_b-
_c1992
650 _aKeshav
_9256507
650 _akaumudi
_9256508
650 _aI
_9256509
690 _aHindi Poetry
_9256510
906 _a023124
942 _2ddc
_cBK
999 _c148028
_d148028